Normal view
MARC view
Entry Topical Term
001 - CONTROL NUMBER
- control field: 20540
003 - CONTROL NUMBER IDENTIFIER
- control field: ARRUPE
005 - DATE AND TIME OF LATEST TRANSACTION
- control field: 20151026151335.0
008 - FIXED-LENGTH DATA ELEMENTS
- fixed length control field: 151026|| aca||aabn | a|a d
040 ## - CATALOGING SOURCE
- Original cataloging agency: ARRUPE
- Transcribing agency: ARRUPE
150 ## - HEADING--TOPICAL TERM
- Topical term or geographic name as entry element: Forced migration
- Geographic subdivision: Zambezi River Valley.
670 ## - SOURCE DATA FOUND
- Source citation: Work cat.: (ARRUPE)0: Isaacman, Allen F. 20538, Dams, displacement, and the delusion of development, c2013.